| 000 | 01461nam1a2200313 i 4500 | ||
|---|---|---|---|
| 001 | RU\NLR\bibl\865092 | ||
| 005 | 20260405083900.0 | ||
| 035 | _a(NLR Aleph) 000853749 | ||
| 090 |
_a1496446 _c1496446 |
||
| 100 | _a20051102g20049999u y0rusy50 ca | ||
| 101 | 0 | _arus | |
| 102 | _aRU | ||
| 105 | _aa ||||||||| | ||
| 200 | 1 |
_aКосмоэнергетические каналы - не миф, а научная реальность XXI века _eсправочник _fГоськов П.И., Ки (Кихай) Т.Г., Госькова Г.С. _gАлт. гос. техн. ун-т им. И.И. Ползунова, Шк. духов. развития "КИ" |
|
| 210 |
_aМосква _aБарнаул _cИзд-во Алтайского государственного технического университета _d2004 |
||
| 215 | _d20 | ||
| 463 | 0 | _1001823221 | |
| 606 |
_aКосмоэнергетика _jСправочники _92196201 _3RU\NLR\auth\661319947 |
||
| 686 | _aР358.9я2 | ||
| 686 | _aЕ901.2я2 | ||
| 700 | 1 |
_aГоськов _bП. И. _gПавел Иннокентьевич _4070 |
|
| 701 | 1 |
_4070 _7ca _8rus _aКи _bТ. Г. _gТатьяна Григорьевна _913269 _3RU\NLR\auth\7730243 |
|
| 701 | 1 |
_aГоськова _bГ. С. _gГалина Степановна _4070 |
|
| 801 | 0 |
_aRU _bNLR _c20051102 _grcr |
|
| 801 | 1 |
_aRU _bNLR _c20051102 |
|
| 830 | _aАвт. по кн. | ||
| 852 |
_aNLR _j2005-3/19565 |
||
| 942 | _cBOOK | ||